[Event "East Detroit (MCO/4)"]
[Site "?"]
[Date "1983.??.??"]
[Round "?"]
[White "Pajor, J.."]
[Black "Srikantia, S.."]
[Result "0-1"]
[WhiteElo "1695"]
[BlackElo "1965"]
[PlyCount "74"]
[EventDate "1983.??.??"]

1. Nf3 Nf6 2. g3 g6 3. Bg2 Bg7 4. O-O O-O 5. d4 d6 6. Bg5 Nbd7 7. Nc3 h6 8. Bd2
e5 9. dxe5 dxe5 10. e4 c6 11. Qc1 Kh7 12. Rd1 Qe7 13. Be3 Ng4 14. Bd2 Qc5 15.
Be1 b5 16. h3 Ngf6 17. Nd2 Nb6 18. Kh2 b4 19. Ne2 Ba6 20. Ng1 Rad8 21. a3 Qe7
22. axb4 Bc8 23. c3 Rd7 24. Nb3 Rfd8 25. Rxd7 Rxd7 26. Nc5 Rd6 27. f3 h5 28.
Bf2 Nc4 29. Nb3 Bh6 30. Qc2 Be3 31. Bxe3 Nxe3 32. Qf2 Nxg2 33. Rxa7 Qd8 34.
Kxg2 Be6 35. Qc2 h4 36. gxh4 Nh5 37. Nc5 Rd2+ 0-1

[Event "East Detroit (MCO/1)"]
[Site "?"]
[Date "1983.??.??"]
[Round "?"]
[White "Pajor, J.."]
[Black "Kremen, P.."]
[Result "1-0"]
[WhiteElo "1695"]
[BlackElo "1605"]
[PlyCount "97"]
[EventDate "1983.??.??"]

1. Nf3 d5 2. g3 Nf6 3. Bg2 Nc6 4. O-O e6 5. b3 Bc5 6. Bb2 O-O 7. e3 Qe7 8. Ne5
Nxe5 9. Bxe5 Bd7 10. d3 Rad8 11. Bxc7 Rc8 12. Be5 Rfd8 13. Nd2 Bc6 14. Qe2 d4
15. exd4 Bxd4 16. Bxd4 Rxd4 17. Nc4 Bxg2 18. Kxg2 Nd7 19. Rac1 Rd5 20. Rfe1 Rc6
21. a4 a6 22. Qd2 Qf6 23. Re3 Ne5 24. Nxe5 Rxe5 25. Rxe5 Qxe5 26. f3 b6 27. c3
a5 28. d4 Qd6 29. c4 Kf8 30. Kf2 e5 31. d5 Qc5+ 32. Qe3 Qxe3+ 33. Kxe3 Rd6 34.
Re1 Rh6 35. h4 f6 36. f4 exf4+ 37. Kxf4 g5+ 38. hxg5 fxg5+ 39. Kxg5 Rg6+ 40.
Kf4 Rf6+ 41. Ke3 Rf7 42. Kd2 Rf2+ 43. Kd3 Kf7 44. Kd4 Rf6 45. c5 bxc5+ 46. Kxc5
Rf5 47. Kc6 Rf6+ 48. d6 Kg6 49. Kc7 1-0

[Event "East Detroit (MCO/3)"]
[Site "?"]
[Date "1983.??.??"]
[Round "?"]
[White "Pajor, J.."]
[Black "Charison, M.."]
[Result "1-0"]
[WhiteElo "1695"]
[BlackElo "1605"]
[PlyCount "79"]
[EventDate "1983.??.??"]

1. Nf3 e6 2. g3 Nf6 3. Bg2 b6 4. O-O Bb7 5. d3 Be7 6. Nc3 c5 7. e4 O-O 8. Re1
d6 9. e5 dxe5 10. Nxe5 Bxg2 11. Kxg2 Nbd7 12. Nxd7 Qxd7 13. Bf4 Qc6+ 14. Qf3
Qxf3+ 15. Kxf3 a6 16. a4 Rfd8 17. Bc7 Rdc8 18. Bxb6 Rab8 19. a5 Nd7 20. Na4
Nxb6 21. Nxb6 Rc6 22. b3 Rd8 23. Ra2 Bf6 24. Re4 g5 25. g4 Bd4 26. Ra3 Kg7 27.
Kg2 f5 28. Re2 f4 29. f3 Kg6 30. Nc4 Rdd6 31. Nxd6 Rxd6 32. Ra4 Bc3 33. Ree4
Bb4 34. Rc4 Bd2 35. Rxc5 h5 36. Rac4 hxg4 37. fxg4 Be1 38. Rc6 Rd8 39. Rxe6+
Kf7 40. Rxe1 1-0

[Event "Ann Arbor (MI Op/5)"]
[Site "?"]
[Date "1983.??.??"]
[Round "?"]
[White "O'Donnell, Robert"]
[Black "Lehotzky, Attila"]
[Result "1-0"]
[WhiteElo "2140"]
[BlackElo "2070"]
[PlyCount "61"]
[EventDate "1983.??.??"]

1. c4 c5 2. Nf3 Nf6 3. Nc3 Nc6 4. g3 g6 5. Bg2 Bg7 6. O-O O-O 7. d4 cxd4 8.
Nxd4 Nxd4 9. Qxd4 d6 10. Qd3 Rb8 11. Bd2 Ng4 12. Qc2 Bd7 13. Rac1 Bc6 14. e4
Qb6 15. h3 Nf6 16. Be3 Qa5 17. a3 a6 18. b4 Qh5 19. g4 Qe5 20. f4 Qe6 21. b5
axb5 22. cxb5 Nd5 23. Nxd5 Bxd5 24. f5 gxf5 25. gxf5 Qe5 26. Qd3 Ba2 27. Rf2
Qg3 28. Rxa2 Be5 29. Rd1 Rbc8 30. Bd4 Rc1 31. Qxg3+ 1-0

[Event "Ann Arbor (MI Op/6)"]
[Site "?"]
[Date "1983.??.??"]
[Round "?"]
[White "O'Donnell, Robert"]
[Black "Gregor, P.."]
[Result "0-1"]
[WhiteElo "2140"]
[BlackElo "2220"]
[PlyCount "80"]
[EventDate "1983.??.??"]

1. c4 Nf6 2. Nc3 g6 3. Nf3 Bg7 4. g3 d6 5. Bg2 Nc6 6. d4 O-O 7. d5 Na5 8. Nd2
c6 9. O-O cxd5 10. cxd5 Bd7 11. Nb3 Nc4 12. Nd4 Rc8 13. e4 Qb6 14. Nb3 a5 15.
Rb1 Ng4 16. h3 Nge5 17. Nd2 Qc5 18. Kh2 Nxd2 19. Bxd2 Nc4 20. Be1 b5 21. b3 Ne3
22. fxe3 Bxc3 23. Bf2 b4 24. Bf3 Bb5 25. Be2 Be5 26. Kg2 Bxe2 27. Qxe2 Qc2 28.
Qxc2 Rxc2 29. Rfc1 Rfc8 30. Rxc2 Rxc2 31. Kf3 Rxa2 32. Be1 Rc2 33. h4 Kf8 34.
Rd1 Ke8 35. Rd2 Rxd2 36. Bxd2 a4 37. bxa4 b3 38. Bc1 b2 39. Bxb2 Bxb2 40. a5
Kd7 0-1

[Event "Ann Arbor (MI Op/3)"]
[Site "?"]
[Date "1983.??.??"]
[Round "?"]
[White "O'Donnell, Robert"]
[Black "Czuhai, Kevin"]
[Result "1/2-1/2"]
[WhiteElo "2140"]
[BlackElo "2225"]
[PlyCount "79"]
[EventDate "1983.??.??"]

1. c4 Nf6 2. Nf3 g6 3. Nc3 d5 4. cxd5 Nxd5 5. d4 Bg7 6. e4 Nxc3 7. bxc3 O-O 8.
Be2 b6 9. O-O Bb7 10. Qc2 Qc8 11. Be3 Nd7 12. Rad1 e6 13. c4 Re8 14. Nd2 c6 15.
c5 bxc5 16. dxc5 Ba6 17. Nc4 Bxc4 18. Bxc4 Ne5 19. Be2 Rb8 20. Rb1 Qc7 21. f4
Rxb1 22. Rxb1 Nd7 23. Qd2 Bf8 24. Qc3 Bg7 25. e5 f6 26. exf6 Nxf6 27. Qc4 Nd5
28. Bd2 Rb8 29. Rxb8+ Qxb8 30. Qe4 Kf7 31. Bg4 Qc8 32. Bf3 Qd8 33. Qa4 Qd7 34.
g3 Bf8 35. Qd4 Qe7 36. Be3 Bg7 37. Qd2 Qb7 38. Bf2 Qb5 39. Be2 Qa4 40. Bd1
1/2-1/2

[Event "Ann Arbor (MI Op/1)"]
[Site "?"]
[Date "1983.??.??"]
[Round "?"]
[White "O'Donnell, Robert"]
[Black "Bagherabadi, Mohammed"]
[Result "1-0"]
[WhiteElo "2140"]
[BlackElo "1920"]
[PlyCount "55"]
[EventDate "1983.??.??"]

1. Nf3 Nf6 2. c4 e6 3. Nc3 d5 4. d4 c6 5. e3 Nbd7 6. Bd3 Bd6 7. O-O b6 8. e4
dxe4 9. Nxe4 Nxe4 10. Bxe4 Qc7 11. Bg5 Nf6 12. Bc2 Ng4 13. h3 h6 14. Bd2 h5 15.
hxg4 hxg4 16. Ne5 Bxe5 17. dxe5 Qxe5 18. Re1 Qh2+ 19. Kf1 Qh1+ 20. Ke2 Qxg2 21.
Rg1 Qh3 22. Be4 Bd7 23. Rh1 O-O-O 24. Rxh3 gxh3 25. Qa4 Kb8 26. Bf4+ Kb7 27.
Rd1 b5 28. Qxb5+ 1-0

[Event "East Detroit (MCO/6)"]
[Site "?"]
[Date "1983.??.??"]
[Round "?"]
[White "Nowicki, B.."]
[Black "Levadi, David"]
[Result "1-0"]
[WhiteElo "1605"]
[BlackElo "1795"]
[PlyCount "78"]
[EventDate "1983.??.??"]

1. e4 c5 2. Nc3 Nc6 3. Nf3 d6 4. Bc4 Nf6 5. d3 e6 6. a3 Be7 7. Bd2 a6 8. Ba2
Qc7 9. g3 O-O 10. h3 b5 11. Ne2 Kh8 12. g4 Bd7 13. Bf4 Qb7 14. Nh2 Rfd8 15. Bg3
Be8 16. O-O d5 17. e5 Ng8 18. Qe1 Rac8 19. Rd1 Rd7 20. f3 Rdc7 21. Kg2 b4 22.
a4 Nd4 23. Nxd4 cxd4 24. Bb3 Bf8 25. Rd2 Ne7 26. Re2 Nc6 27. Ba2 Na5 28. Bb1
Bxa4 29. b3 Nxb3 30. cxb3 Bxb3 31. f4 a5 32. Qf2 a4 33. f5 a3 34. fxe6 Ba4 35.
exf7 b3 36. e6 Re7 37. Bd6 a2 38. Qxd4 axb1=Q 39. Rxb1 Rc4 1-0

[Event "East Detroit (MCO/1)"]
[Site "?"]
[Date "1983.??.??"]
[Round "?"]
[White "Nowicki, B.."]
[Black "Kulbacki, James"]
[Result "0-1"]
[WhiteElo "1605"]
[BlackElo "1945"]
[PlyCount "80"]
[EventDate "1983.??.??"]

1. e4 e6 2. Nc3 c5 3. Nf3 Nc6 4. d3 a6 5. g3 g6 6. Bg2 Bg7 7. Bd2 Nge7 8. Rb1
b5 9. O-O Bb7 10. Ne2 d5 11. Ne1 Qb6 12. Kh1 O-O 13. c3 dxe4 14. Bxe4 Ne5 15.
Bxb7 Qxb7+ 16. Kg1 Rfd8 17. Qc2 Rac8 18. Rd1 Nf3+ 19. Nxf3 Qxf3 20. Be3 Nf5 21.
Qd2 h5 22. Nc1 h4 23. Qe2 Qxe2 24. Nxe2 Nxe3 25. fxe3 hxg3 26. Nxg3 Bh6 27. e4
b4 28. c4 Rd7 29. b3 Rcd8 30. Rf3 a5 31. Kf2 a4 32. Ke2 axb3 33. axb3 Ra8 34.
Nf1 Ra2+ 35. Nd2 Rb2 36. Re3 Bxe3 37. Kxe3 f5 38. exf5 exf5 39. Ke2 Rh7 40. Rh1
Rh3 0-1

[Event "East Detroit (MCO/4)"]
[Site "?"]
[Date "1983.??.??"]
[Round "?"]
[White "Nowicki, B.."]
[Black "Krevinko, S.."]
[Result "0-1"]
[WhiteElo "1605"]
[BlackElo "1885"]
[PlyCount "84"]
[EventDate "1983.??.??"]

1. e4 e6 2. d4 d5 3. e5 c5 4. Bb5+ Nc6 5. c3 Bd7 6. Ba4 Qb6 7. Nf3 cxd4 8. Bxc6
Bxc6 9. Nxd4 Qa6 10. b4 Ba4 11. Qd2 g6 12. f4 Rc8 13. a3 Ne7 14. Ra2 Nc6 15.
Rb2 Nxd4 16. Qxd4 Be7 17. Nd2 O-O 18. Kf2 Rc7 19. Qe3 Rfc8 20. Nb1 Rc4 21. Bd2
Bd8 22. Kg3 Bb5 23. Re1 Re4 24. Qf2 Bd3 25. Rxe4 dxe4 26. Qe1 Bb6 27. Be3 Bd8
28. Bd4 h5 29. h4 Bb6 30. Bxb6 Qxb6 31. a4 Qc6 32. b5 Qc5 33. Rb4 a5 34. Rb3 e3
35. Na3 Qd5 36. c4 Qe4 37. Rc3 e2 38. Kh2 Qxf4+ 39. g3 Qf1 40. Rc1 b6 41. Ra1
Rc5 42. Nb1 Qxe1 0-1

[Event "Ann Arbor (MI Op/5)"]
[Site "?"]
[Date "1983.??.??"]
[Round "?"]
[White "Noren, Kevin"]
[Black "Wolfrom, David"]
[Result "1/2-1/2"]
[WhiteElo "2150"]
[BlackElo "2115"]
[PlyCount "85"]
[EventDate "1983.??.??"]

1. d4 Nf6 2. c4 c5 3. e3 g6 4. Nc3 Bg7 5. Nf3 O-O 6. Be2 d5 7. O-O cxd4 8. exd4
Nc6 9. h3 h6 10. a3 Bf5 11. Be3 Kh7 12. Rc1 dxc4 13. Bxc4 Rc8 14. Ba2 Ne4 15.
Ne2 Qa5 16. Nf4 e5 17. dxe5 Nxe5 18. Rxc8 Bxc8 19. Nd4 b6 20. Qc2 Bb7 21. Rd1
Rc8 22. Qb1 Nc4 23. Bc1 Qc5 24. b4 Qe7 25. Qd3 Ne5 26. Qb3 Nc3 27. Re1 Qd7 28.
Be3 Nxa2 29. Qxa2 Nc4 30. Nfe2 Nxe3 31. fxe3 Bd5 32. Qb1 Qb7 33. Nf4 Be4 34.
Qd1 a6 35. Qg4 Rc3 36. Rd1 Qc8 37. Nfe6 Bxd4 38. Rxd4 Qxe6 39. Qxe6 fxe6 40.
Rxe4 Rc6 41. Kf2 g5 42. Kf3 Kg6 43. Rd4 1/2-1/2

[Event "Southfield (MEX/4)"]
[Site "?"]
[Date "1983.??.??"]
[Round "?"]
[White "Noren, Kevin"]
[Black "Small, L.."]
[Result "1-0"]
[WhiteElo "2165"]
[BlackElo "2040"]
[PlyCount "73"]
[EventDate "1983.??.??"]

1. Nf3 Nf6 2. b3 e6 3. Bb2 Be7 4. g3 b6 5. Bg2 Bb7 6. O-O O-O 7. c4 d6 8. Nc3
Nbd7 9. e3 a6 10. Qe2 c5 11. Rfd1 Qc7 12. d4 cxd4 13. Rxd4 Rfd8 14. e4 Nc5 15.
Ne1 Rac8 16. Rad1 Ne8 17. R4d2 Bf6 18. Rc1 g6 19. h3 Bg7 20. Kh2 Bh6 21. f4 e5
22. b4 exf4 23. bxc5 fxg3+ 24. Kh1 Bxd2 25. Qxd2 dxc5 26. Nd5 Bxd5 27. cxd5 f6
28. Nf3 Qe7 29. e5 fxe5 30. Nxe5 Ng7 31. Ng4 Rc6 32. Qc3 Rcd6 33. Re1 Qb7 34.
Nf6+ Kh8 35. Ne8 R6d7 36. d6 Qa7 37. Qf6 1-0

[Event "Southfield (MEX/5)"]
[Site "?"]
[Date "1983.??.??"]
[Round "?"]
[White "Noren, Kevin"]
[Black "Poschel, Paul"]
[Result "1/2-1/2"]
[WhiteElo "2165"]
[BlackElo "2260"]
[PlyCount "44"]
[EventDate "1983.??.??"]

1. c4 c5 2. Nf3 Nf6 3. Nc3 Nc6 4. e3 e6 5. d4 d5 6. cxd5 Nxd5 7. Bc4 Nxc3 8.
bxc3 cxd4 9. exd4 Be7 10. O-O O-O 11. Bd3 b6 12. Qc2 g6 13. Bh6 Re8 14. Qd2 Bb7
15. Rfe1 Rc8 16. Qf4 Qd6 17. Qg4 f5 18. Qh3 Na5 19. Bb5 Bc6 20. Ba6 Bb7 21. Bb5
Bc6 22. Ba6 Bb7 1/2-1/2

[Event "Ann Arbor (MI Op/6)"]
[Site "?"]
[Date "1983.??.??"]
[Round "?"]
[White "Noren, Kevin"]
[Black "Murray, David"]
[Result "0-1"]
[WhiteElo "2150"]
[BlackElo "2040"]
[PlyCount "62"]
[EventDate "1983.??.??"]

1. e4 c5 2. Nf3 d6 3. Bb5+ Bd7 4. Bxd7+ Qxd7 5. c4 Nf6 6. Nc3 Nc6 7. d4 cxd4 8.
Nxd4 g6 9. f3 Nxd4 10. Qxd4 Bg7 11. Be3 a6 12. Nd5 Rd8 13. Nb6 Qc6 14. O-O O-O
15. Qd2 Rfe8 16. Rac1 e6 17. Rfd1 Nd7 18. Qf2 Nc5 19. b4 Qxb6 20. bxc5 dxc5 21.
Bxc5 Qc6 22. Bb6 Rxd1+ 23. Rxd1 Qxc4 24. h4 h5 25. Qd2 Rc8 26. Be3 Bf6 27. Bg5
Bxg5 28. hxg5 b5 29. Qa5 Qc5+ 30. Kh1 Qxg5 31. Qxa6 Rc2 0-1

[Event "Southfield (MEX/1)"]
[Site "?"]
[Date "1983.??.??"]
[Round "?"]
[White "Noren, Kevin"]
[Black "Martinovsky, E.."]
[Result "1/2-1/2"]
[WhiteElo "2165"]
[BlackElo "2345"]
[PlyCount "81"]
[EventDate "1983.??.??"]

1. d4 Nf6 2. Nf3 g6 3. Bf4 Bg7 4. Nbd2 Nh5 5. Be5 f6 6. Bg3 d6 7. e4 O-O 8.
Bc4+ e6 9. c3 d5 10. Bd3 Nc6 11. O-O Bd7 12. Re1 Ne7 13. exd5 Nxd5 14. Ne4 b6
15. Qd2 h6 16. c4 Ne7 17. Nc3 Nf5 18. Bxf5 exf5 19. Nd5 Nxg3 20. hxg3 Re8 21.
Rxe8+ Bxe8 22. Re1 Bf7 23. Ne7+ Kh7 24. Nc6 Qd6 25. d5 a6 26. Re7 Kg8 27. Qe1
Bf8 28. Re2 b5 29. b3 bxc4 30. bxc4 Qc5 31. Nd2 Bd6 32. g4 fxg4 33. Ne4 Qxc4
34. Nxf6+ Kf8 35. Re4 Qxa2 36. Nd7+ Kg8 37. Nf6+ Kf8 38. Qc1 g5 39. Nd7+ Kg8
40. Nf6+ Kf8 41. Nd7+ 1/2-1/2

[Event "Ann Arbor (MI Op/3)"]
[Site "?"]
[Date "1983.??.??"]
[Round "?"]
[White "Noren, Kevin"]
[Black "Ivanov, S.."]
[Result "0-1"]
[WhiteElo "2150"]
[BlackElo "2050"]
[PlyCount "52"]
[EventDate "1983.??.??"]

1. d4 Nf6 2. Nf3 g6 3. Bf4 Bg7 4. Nbd2 d5 5. h3 O-O 6. e3 b6 7. Bd3 Bb7 8. O-O
c5 9. c3 Nc6 10. Bh2 Nd7 11. Bb5 a6 12. Bxc6 Bxc6 13. Re1 Qc8 14. Rc1 Qb7 15.
Bg3 Rfe8 16. Qc2 e5 17. dxe5 Nxe5 18. Nxe5 Bxe5 19. Bxe5 Rxe5 20. b4 Rae8 21.
Nb3 d4 22. cxd4 Rg5 23. g4 Bf3 24. bxc5 bxc5 25. Nxc5 Qc8 26. Nd3 Rxg4+ 0-1

[Event "Ann Arbor (MI Op/1)"]
[Site "?"]
[Date "1983.??.??"]
[Round "?"]
[White "Noren, Kevin"]
[Black "Fischman, R.."]
[Result "1-0"]
[WhiteElo "2150"]
[BlackElo "1900"]
[PlyCount "39"]
[EventDate "1983.??.??"]

1. d4 Nf6 2. Nf3 d6 3. c4 Bf5 4. Nc3 Nbd7 5. g3 c6 6. Bg2 e5 7. O-O Qc7 8. Re1
Be7 9. e4 Bg6 10. Nh4 Bh5 11. Qd3 exd4 12. Qxd4 O-O 13. Nf5 Rfe8 14. Nxe7+ Rxe7
15. h3 Bg6 16. Bf4 Ne5 17. Rad1 Rd7 18. c5 Re8 19. cxd6 Qa5 20. b4 1-0

[Event "East Detroit (MCO/2)"]
[Site "?"]
[Date "1983.??.??"]
[Round "?"]
[White "Noren, Kevin"]
[Black "Bautista, L.."]
[Result "1-0"]
[WhiteElo "2200"]
[BlackElo "1830"]
[PlyCount "80"]
[EventDate "1983.??.??"]

1. d4 Nf6 2. c4 e6 3. Nf3 b6 4. a3 Bb7 5. Nc3 d5 6. cxd5 exd5 7. Bg5 Be7 8. e3
O-O 9. Qc2 h6 10. Bxf6 Bxf6 11. Bd3 Qe7 12. h4 Rc8 13. g4 c5 14. O-O-O Na6 15.
g5 hxg5 16. hxg5 Bxg5 17. Bh7+ Kf8 18. Bf5 Bh6 19. Bxc8 Rxc8 20. Qf5 cxd4 21.
Nxd4 Rc5 22. Kb1 Bc8 23. Qd3 Qf6 24. f4 Nb8 25. Rd2 Nc6 26. Rh5 Nxd4 27. exd4
Rc6 28. Nxd5 Qd6 29. Qh7 Qg6+ 30. Qxg6 fxg6 31. Re5 Bf5+ 32. Ka2 Be6 33. Rde2
Kf7 34. b3 Bxd5 35. Rxd5 a5 36. Rd7+ Kf6 37. d5 Rc5 38. Re6+ Kf5 39. Rf7+ Kg4
40. Rxg6+ Kh5 1-0

[Event "East Detroit (MCO/4)"]
[Site "?"]
[Date "1983.??.??"]
[Round "?"]
[White "Nolan, Michael"]
[Black "Tallosy, M.."]
[Result "0-1"]
[WhiteElo "1605"]
[BlackElo "1740"]
[PlyCount "104"]
[EventDate "1983.??.??"]

1. c4 Nf6 2. Nc3 e6 3. b3 g6 4. Bb2 Bg7 5. Ne4 O-O 6. Nxf6+ Bxf6 7. d4 d5 8.
Nf3 Bg7 9. Rb1 Nd7 10. e3 c6 11. Be2 Qa5+ 12. Nd2 Qxa2 13. O-O c5 14. Qc2 Qa5
15. Ra1 Qc7 16. cxd5 exd5 17. Ba3 a6 18. Rac1 b6 19. dxc5 bxc5 20. Bxc5 Nxc5
21. Qxc5 Qe5 22. Bf3 Be6 23. Qa5 Qd6 24. Rc5 Rac8 25. Rfc1 d4 26. Rxc8 Rxc8 27.
Rxc8+ Bxc8 28. Qd5 Qxd5 29. Bxd5 Kf8 30. Nc4 Ke7 31. Kf1 dxe3 32. Nxe3 f5 33.
Ke2 Kd6 34. Kd3 f4 35. Nc4+ Kxd5 36. Nb6+ Kc6 37. Nxc8 Bf6 38. Ke4 Kc7 39. Na7
Kb7 40. Nb5 axb5 41. Kxf4 Kc6 42. Ke4 Kc5 43. Kd3 Kb4 44. Kc2 g5 45. h3 Be5 46.
g3 h6 47. g4 Bd4 48. f3 Be5 49. Kd3 Kxb3 50. Ke4 Bf4 51. h4 Kc2 52. hxg5 hxg5
0-1

[Event "East Detroit (MCO/6)"]
[Site "?"]
[Date "1983.??.??"]
[Round "?"]
[White "Nolan, Michael"]
[Black "Kremen, P.."]
[Result "1-0"]
[WhiteElo "1605"]
[BlackElo "1605"]
[PlyCount "137"]
[EventDate "1983.??.??"]

1. c4 e5 2. Nc3 Nc6 3. Nf3 Bd6 4. g3 Nf6 5. d3 O-O 6. Bg2 Re8 7. Bg5 Be7 8. O-O
d6 9. a3 Bd7 10. b4 a6 11. Qc2 Rb8 12. Rfb1 b5 13. Bxf6 Bxf6 14. Nd5 Nd4 15.
Nxd4 exd4 16. Nxf6+ Qxf6 17. Bf3 c6 18. a4 c5 19. axb5 axb5 20. Ra7 Re7 21.
bxc5 dxc5 22. cxb5 Qb6 23. Ra6 Qd8 24. Qxc5 Bc8 25. Rd6 Rd7 26. Rxd7 Qxd7 27.
Rb4 Bb7 28. Rxd4 Qe8 29. Bxb7 Rxb7 30. Re4 Qa8 31. Qe5 Rb8 32. b6 h6 33. Ra4
Qb7 34. Rb4 Ra8 35. Rb1 Kh7 36. Qe4+ Qxe4 37. dxe4 Rb8 38. b7 Kg6 39. Kg2 Kf6
40. Kf3 Ke5 41. e3 g5 42. Kg4 Kxe4 43. Rb4+ Ke5 44. Kh5 Kf5 45. Kxh6 f6 46. f3
Ke5 47. Kg7 Ke6 48. Rb6+ Kd7 49. Rxf6 Rxb7 50. Rf7+ Kc6 51. Rxb7 Kxb7 52. Kg6
Kc6 53. Kxg5 Kd6 54. e4 Ke5 55. h3 Ke6 56. f4 Kf7 57. e5 Kg7 58. e6 Kf8 59. Kf6
Ke8 60. e7 Kd7 61. Kf7 Kd6 62. e8=Q Kd5 63. Qe3 Kd6 64. Qe4 Kc5 65. Ke6 Kb5 66.
Kd6 Ka5 67. Qb1 Ka4 68. Kc5 Ka3 69. Kc4 1-0

[Event "East Detroit (MCO/1)"]
[Site "?"]
[Date "1983.??.??"]
[Round "?"]
[White "Nolan, Michael"]
[Black "Groeller, W.."]
[Result "1/2-1/2"]
[WhiteElo "1605"]
[BlackElo "2035"]
[PlyCount "45"]
[EventDate "1983.??.??"]

1. c4 Nf6 2. Nc3 g6 3. Nf3 Bg7 4. g3 O-O 5. Bg2 d6 6. d4 Nbd7 7. O-O c6 8. e4
e5 9. d5 Nc5 10. Re1 a5 11. Qc2 h6 12. Be3 Nfd7 13. Rad1 Qc7 14. dxc6 bxc6 15.
Qd2 Ba6 16. b3 Nb7 17. Bxh6 a4 18. Bxg7 Kxg7 19. Bf1 axb3 20. axb3 Qb6 21. Qb2
Rfd8 22. Nh4 Qc7 23. b4 1/2-1/2

[Event "East Detroit (MCO/2)"]
[Site "?"]
[Date "1983.??.??"]
[Round "?"]
[White "Murray, David"]
[Black "Williams, Claude"]
[Result "1-0"]
[WhiteElo "2060"]
[BlackElo "1605"]
[PlyCount "29"]
[EventDate "1983.??.??"]

1. e4 c5 2. Nf3 Nc6 3. d4 cxd4 4. Nxd4 g6 5. Be3 Bg7 6. Nc3 Nf6 7. Bc4 O-O 8.
f3 e6 9. Qd2 d5 10. Nxc6 bxc6 11. O-O-O Qc7 12. Bb3 Rd8 13. Bg5 dxe4 14. Qxd8+
Qxd8 15. Rxd8+ 1-0

[Event "Southfield (MEX/4)"]
[Site "?"]
[Date "1983.??.??"]
[Round "?"]
[White "Murray, David"]
[Black "Thomas, Carlton"]
[Result "1/2-1/2"]
[WhiteElo "2085"]
[BlackElo "2050"]
[PlyCount "112"]
[EventDate "1983.??.??"]

1. e4 e6 2. d4 d5 3. e5 c5 4. c3 Qc7 5. Nf3 Ne7 6. Bd3 b6 7. O-O Ba6 8. a4 Bxd3
9. Qxd3 c4 10. Qd1 Nbc6 11. Na3 a6 12. Bg5 Na5 13. Bxe7 Bxe7 14. Nd2 h5 15. Nc2
Rh6 16. Ne3 g5 17. Rc1 Qd7 18. b3 cxb3 19. Nxb3 Qxa4 20. Nxa5 Qxd1 21. Rfxd1
bxa5 22. Ra1 Bd8 23. c4 dxc4 24. Nxc4 f5 25. Nxa5 Rh7 26. Nc4 Rc7 27. Nd6+ Ke7
28. d5 exd5 29. Nxf5+ Ke6 30. Ne3 Rc5 31. Rd4 Bc7 32. Rad1 Rd8 33. f4 gxf4 34.
Rxf4 Bxe5 35. Rh4 d4 36. Nf1 d3 37. Nd2 Bd4+ 38. Kf1 Bc3 39. Re4+ Kd5 40. Ra4
Ra5 41. Rh4 Bxd2 42. Rxd2 Rf8+ 43. Ke1 Ra1+ 44. Rd1 Re8+ 45. Kd2 Rxd1+ 46. Kxd1
Re2 47. g3 Ra2 48. Rxh5+ Ke4 49. Rh8 Ke3 50. Re8+ Kf3 51. Rd8 Ke3 52. Re8+ Kf3
53. Rd8 Rxh2 54. Rxd3+ Ke4 55. Ra3 Kd4 56. g4 Kc4 1/2-1/2

[Event "East Detroit (MCO/6)"]
[Site "?"]
[Date "1983.??.??"]
[Round "?"]
[White "Murray, David"]
[Black "Srikantia, S.."]
[Result "0-1"]
[WhiteElo "2060"]
[BlackElo "1965"]
[PlyCount "100"]
[EventDate "1983.??.??"]

1. e4 e6 2. d4 d5 3. e5 c5 4. c3 Nc6 5. Nf3 Qb6 6. a3 c4 7. Nbd2 Bd7 8. Be2
Nge7 9. Bxc4 Ng6 10. Be2 Nf4 11. O-O Nxe2+ 12. Qxe2 Be7 13. b4 Rc8 14. Nb3 Nb8
15. Qe3 Qc7 16. Bd2 Qc4 17. Nc5 Rc7 18. Rfc1 b6 19. Nxd7 Nxd7 20. Be1 Qa6 21.
a4 Qc8 22. c4 dxc4 23. d5 exd5 24. e6 fxe6 25. Nd4 Nf8 26. Bc3 Bf6 27. Nb5 Rd7
28. Bxf6 gxf6 29. Qf4 Ke7 30. Re1 Rg8 31. Nd4 Qc7 32. Qh4 Kf7 33. Re3 Re7 34.
Rae1 Qd7 35. Nf5 Rg6 36. Nxe7 Qxe7 37. f4 f5 38. Qh3 Qxb4 39. Qh5 Qb2 40. g3
Qd4 41. Kg2 Kg8 42. Qh4 Qf6 43. Qh5 Qb2+ 44. R1e2 Qa1 45. Qh4 Qxa4 46. Qe7 Qd7
47. Qa3 Rg7 48. Kh1 Qc6 49. Kg1 d4 50. Re5 d3 0-1

[Event "Ann Arbor (MI Op/2)"]
[Site "?"]
[Date "1983.??.??"]
[Round "?"]
[White "Murray, David"]
[Black "Pinto, M.."]
[Result "1-0"]
[WhiteElo "2040"]
[BlackElo "2155"]
[PlyCount "143"]
[EventDate "1983.??.??"]

1. e4 c6 2. d4 d5 3. Nc3 dxe4 4. Nxe4 Nf6 5. Nxf6+ gxf6 6. Bf4 Bf5 7. Qd2 e6 8.
Ne2 Nd7 9. Ng3 Bg6 10. h4 h5 11. Bd3 f5 12. O-O-O Qb6 13. Bg5 Bg7 14. Bxf5 exf5
15. Qe2+ Kf8 16. Qe7+ Kg8 17. Qxd7 Qb5 18. Qd6 Kh7 19. Qc5 Qa4 20. a3 b6 21.
Qb4 Qa6 22. Bf4 Rhd8 23. Rhe1 Bf8 24. Qb3 Rd7 25. Qf3 Qc4 26. Nxh5 Rxd4 27.
Rxd4 Qxd4 28. Ng3 Kg8 29. h5 Bh7 30. Be5 Bh6+ 31. Kb1 Qd2 32. Rd1 Qg5 33. Qxc6
Rf8 34. f4 Qg4 35. Qf6 Bg7 36. Qxg7+ Qxg7 37. Bxg7 Kxg7 38. Rd7 Re8 39. Rd5
Re1+ 40. Ka2 Rg1 41. Nxf5+ Kf6 42. Ne3 Be4 43. Re5 Bc6 44. g4 Bf3 45. g5+ Kg7
46. Nf5+ Kh7 47. g6+ fxg6 48. hxg6+ Rxg6 49. Nh4 Rg3 50. Nxf3 Rxf3 51. Re7+ Kg6
52. Rxa7 Rxf4 53. Rb7 Rf6 54. Kb3 Kf5 55. Kb4 Ke4 56. Kb5 Rf2 57. Rc7 Rf6 58.
Rc6 Rf8 59. Rxb6 Kd5 60. c4+ Kd4 61. b4 Kc3 62. c5 Kb3 63. c6 Kxa3 64. Ka6 Rf7
65. b5 Kb4 66. Rb7 Rf6 67. Ka7 Ka4 68. c7 Rf8 69. b6 Kb4 70. Rb8 Rf7 71. Ka8
Rf3 72. c8=Q 1-0

[Event "Southfield (MEX/3)"]
[Site "?"]
[Date "1983.??.??"]
[Round "?"]
[White "Murray, David"]
[Black "Noren, Kevin"]
[Result "0-1"]
[WhiteElo "2085"]
[BlackElo "2165"]
[PlyCount "80"]
[EventDate "1983.??.??"]

1. e4 e5 2. Nf3 Nc6 3. Bb5 g6 4. c3 d6 5. d4 Bd7 6. Bg5 f6 7. Be3 Nh6 8. h3 Bg7
9. dxe5 dxe5 10. Qd2 Nf7 11. O-O Nd6 12. Bd3 Be6 13. Na3 a6 14. Rfd1 Qd7 15. c4
Nf7 16. b4 f5 17. b5 Ne7 18. bxa6 Rxa6 19. Qb2 Rd6 20. Bc2 Qc6 21. Rxd6 cxd6
22. Rb1 Bxc4 23. Qxb7 Be6 24. Qxc6+ Nxc6 25. Ba4 Bd7 26. exf5 gxf5 27. Nc4 f4
28. Bc1 e4 29. Nh2 Nd4 30. Rb8+ Ke7 31. Rb7 Rd8 32. Kf1 Ne6 33. Nb6 Nc5 34. Ra7
Nxa4 35. Nxa4 Ke6 36. Nc3 Bxc3 37. Bxf4 Rb8 38. g4 Be5 39. Bxe5 Nxe5 40. Kg2
Nd3 0-1

[Event "East Detroit (MCO/5)"]
[Site "?"]
[Date "1983.??.??"]
[Round "?"]
[White "Murray, David"]
[Black "Noren, Kevin"]
[Result "1/2-1/2"]
[WhiteElo "2060"]
[BlackElo "2200"]
[PlyCount "78"]
[EventDate "1983.??.??"]

1. e4 Nc6 2. d4 d5 3. Nc3 e6 4. e5 Nge7 5. f4 Nf5 6. Nf3 Bb4 7. Be2 h5 8. O-O
Ncxd4 9. Nxd4 Bc5 10. Ncb5 a6 11. Kh1 axb5 12. Nxf5 exf5 13. Bxb5+ c6 14. Bd3
Be6 15. c3 h4 16. h3 Qd7 17. b4 Bb6 18. Qe2 g6 19. a4 Kf8 20. Be3 d4 21. Bf2
Ba7 22. c4 c5 23. b5 Bb6 24. Be1 Ba5 25. Bxa5 Rxa5 26. Ra3 Kg7 27. Rfa1 Rha8
28. Qf2 Qd8 29. Qc2 Qb6 30. Qf2 Rh8 31. Qc2 Kf8 32. Kh2 Ke7 33. Qe2 Kd7 34. Rb1
Raa8 35. Rba1 Qa5 36. Rb3 Qb6 37. Rba3 Ra5 38. Qd2 Kc8 39. Rb3 Kd7 1/2-1/2

[Event "Ann Arbor (MI Op/4)"]
[Site "?"]
[Date "1983.??.??"]
[Round "?"]
[White "Murray, David"]
[Black "Crispin, T.."]
[Result "1/2-1/2"]
[WhiteElo "2040"]
[BlackElo "2215"]
[PlyCount "39"]
[EventDate "1983.??.??"]

1. e4 e6 2. d4 d5 3. Nc3 Bb4 4. e5 c5 5. a3 Ba5 6. b4 cxd4 7. Nb5 Bc7 8. Nf3
Nc6 9. Nxc7+ Qxc7 10. Bb5 Bd7 11. Bxc6 Bxc6 12. O-O Ne7 13. Re1 Ba4 14. Nxd4
Rc8 15. Qg4 Qc4 16. Be3 Nf5 17. c3 O-O 18. Qf3 Qd3 19. Nxf5 exf5 20. Bd4
1/2-1/2

[Event "Ann Arbor (MI Op/5)"]
[Site "?"]
[Date "1983.??.??"]
[Round "?"]
[White "Murray, David"]
[Black "Avery, Robert W"]
[Result "1/2-1/2"]
[WhiteElo "2040"]
[BlackElo "2120"]
[PlyCount "42"]
[EventDate "1983.??.??"]

1. e4 e5 2. Nf3 Nc6 3. Bb5 Bc5 4. O-O Nd4 5. Nxd4 Bxd4 6. c3 Bb6 7. d4 c6 8.
Bc4 d6 9. dxe5 dxe5 10. Qb3 Qe7 11. a4 Nf6 12. a5 Bc5 13. Qc2 a6 14. b4 Bd6 15.
f3 O-O 16. Be3 c5 17. bxc5 Bxc5 18. Qf2 Bxe3 19. Qxe3 Qc7 20. Nd2 Bd7 21. Bd5
Rfc8 1/2-1/2